00643nam a2200205 a 450000100060000000300090000600800410001502000150005604000280007108200170009910000300011624500460014626000340019230000090022659001360023565000220037165000150039394200120040899900170042020677CO-ViMGA141112s2004 ck r 000 u spa d a9580219540 aCO-ViMGAbspacCO-ViMGA04a330 S17d - 21 aRiveros Vera, Axel92995010aDesarrollo II : beconomía y política aBogotá : bVoluntad, c2004 a176p aForma de adquisición : Compra fact.0546 - - Precio : 42500 - - Proveedor : Temas y libros - - Fecha de adquisición : Abril 200614aCOMERCIO EXTERIOR14aECONOMÍA 2ddccBK c29670d29670